=LDR 00000nam 2200000 4500 =001 INLIS000000000031298 =005 20210415014250 =035 ##$$a 0010-061300000031298 =008 210415################g##########0#ind## =041 ##$$a ind =082 ##$$a 338. 16 =090 ##$$a 338. 16 , Nur d =100 ##$$a Nurani,Nina =245 1#$$a Daya saing agribisnis : $b Aspek hukum dan strategi pengembangan /$c Dr.Nina Nurani,SH.M.SI; Agus Salim, Mathori A Elwa =260 ##$$a Bandung :$b Nuansa,$c 2007 =300 ##$$a 264 hlm ; $c 24 x 16 cm. =650 #4$$a Ekonomi Pertanian =700 #$$a Salim, Agus =850 ##$$a NBPNMAT =020 ##$$a 979-24-5699-6 =084 ##$$a 338. 16 NUR d =990 ##$$a 20902838 =990 ##$$a 20902837 =990 ##$$a 20902840 =990 ##$$a 20902841 =990 ##$$a 20902840 =990 ##$$a 20902838 =990 ##$$a 20902837 =990 ##$$a 20902841